000 00349nam a2200145Ia 4500
008 231011s9999 xx 000 0 und d
041 _aeng
082 _a820
100 _aHamilton Roger
245 _aWink and Grow Rich
250 _a1st
260 _bMacmillan Publishers India Pvt. Ltd. Delhi/Mumbai
_c2005
300 _a134
365 _b116
999 _c899776
_d899776